[Event "Brazil Imperatriz op"]
[Site "Brazil"]
[Date "2002.07.27"]
[Round "4"]
[White "Amorim Silva, Paulo"]
[Black "Vilela, Humberto Franca"]
[Result "1-0"]
[WhiteElo "1854"]
[BlackElo "1795"]
[PlyCount "43"]
[EventDate "2002.07.??"]
[EventType "swiss"]
[EventRounds "7"]
[EventCountry "BRA"]
[SourceTitle "EXT 2006"]
[Source "ChessBase"]
[SourceDate "2005.11.24"]
[SourceVersion "1"]
[SourceVersionDate "2005.11.24"]
[SourceQuality "1"]

1. e4 c5 2. Nf3 d6 3. d4 cxd4 4. Nxd4 Nf6 5. Nc3 a6 6. Be3 e6 7. Be2 Be7 8. 0-0 0-0 9. f4 e5 10. Nf5 Be6 11. Nxe7+ Qxe7 12. f5 Bc8 13. Bg5 Nbd7 14. Qd2 Nb6 15. Rad1 Rd8 16. Qe3 Qc7 17. Bxf6 gxf6 18. Qh6 Qe7 19. Rf3 Bxf5 20. exf5 Nd7 21. Rg3+ Kh8 22. Qg7# 1-0